000 003460000a22000970004500
245 1 0 _a"Noguera no soportaba al Vicepresidente"
300 _aVol.0, núm.722 (30 Abril - 6 mayo, 2007), Páginas 26-28
520 _aEl ex jefe de informática del DAS, Rafael García, hace nuevas acusaciones contra Jorge Noguera.
773 0 _tCambio 16
942 _cANA
999 _c62105
_d62105